[Event "Knighthood Blitz"]
[Site "Vishy Anand Arena"]
[Date "2020.08.01"]
[Round "9"]
[White "Padmaesh M K"]
[Black "Monideepbanerjee"]
[Result "1-0"]
[WhiteElo "1670"]
[BlackElo "1491"]
[Annotator "NA"]
[PlyCount "99"]
[EventDate "2020.08.01"]
[EventType "swiss (blitz)"]

1. Nf3 d5 2. g3 e6 3. Bg2 b6 4. c4 Bb7 5. cxd5 Bxd5 6. Nc3 Bb7 7. O-O Nc6 8. d4 Rb8 9. Qa4 a5 10. Ne5 Nge7 11. Rd1 f6 12. Nxc6 Nxc6 13. Bxc6+ Bxc6 14. Qxc6+ Qd7 15. Qxd7+ Kxd7 16. d5 exd5 17. Rxd5+ Ke6 18. Bf4 Rc8 19. Rad1 Bb4 20. a3 Bc5 21. Rd7 g5 22. Bd2 h5 23. Be3 Bd6 24. Rg7 Rcg8 25. Rxg8 Rxg8 26. Kf1 Rd8 27. f4 Kf5 28. fxg5 fxg5 29. Rd5+ Kf6 30. Bxg5+ Ke6 31. Bxd8 c6 32. Rxd6+ Kxd6 33. Bxb6 Kd7 34. Bxa5 c5 35. Bb6 c4 36. a4 h4 37. a5 hxg3 38. hxg3 Kc6 39. Kf2 Kd6 40. g4 Ke5 41. g5 Kf4 42. a6 Kxg5 43. a7 Kf4 44. a8=Q Ke5 45. Qc6 Kf5 46. Bc7 Kg5 47. Qe6 Kh5 48. Qg8 Kh4 49. Bf4 Kh5 50. Qg5# 1-0

[Event "Knighthood Blitz"]
[Site "Vishy Anand Arena"]
[Date "2020.08.01"]
[Round "9"]
[White "Vamsidasarik"]
[Black "slienteyes"]
[Result "0-1"]
[WhiteElo "1668"]
[BlackElo "2103"]
[PlyCount "66"]
[EventDate "2020.08.01"]
[EventType "swiss (blitz)"]

1. g3 d5 2. Bg2 c6 3. b3 Nf6 4. Bb2 g6 5. d3 Bg7 6. Nd2 O-O 7. Ngf3 Bf5 8. O-O Qc8 9. Rb1 Bh3 10. e4 Bxg2 11. Kxg2 Nbd7 12. e5 Nh5 13. d4 c5 14. c3 f6 15. e6 Nb6 16. dxc5 Qxc5 17. Re1 f5 18. Ng5 f4 19. Ndf3 fxg3 20. hxg3 Rf4 21. gxf4 Nxf4+ 22. Kf1 h6 23. Nf7 Qb5+ 24. c4 dxc4 25. bxc4 Qxc4+ 26. Kg1 Nh3+ 27. Kg2 Qg4+ 28. Kf1 Nf4 29. Re4 Qg2+ 30. Ke1 Qg1+ 31. Kd2 Qxf2+ 32. Kc1 Rc8+ 33. Bc3 Rxc3+ 0-1

[Event "Knighthood Blitz"]
[Site "Vishy Anand Arena"]
[Date "2020.08.01"]
[Round "9"]
[White "Gowthamchess1356"]
[Black "Mraa"]
[Result "1-0"]
[WhiteElo "1663"]
[BlackElo "1496"]
[Annotator "NA"]
[PlyCount "89"]
[EventDate "2020.08.01"]
[EventType "swiss (blitz)"]

1. d4 d5 2. c4 e6 3. Nc3 Nf6 4. Nf3 Be7 5. Bg5 O-O 6. e3 a6 7. Bd3 dxc4 8. Bxc4 Nbd7 9. O-O c5 10. Qc2 cxd4 11. Nxd4 Nb6 12. Bb3 Bd7 13. Rad1 Rc8 14. Qd2 Qe8 15. Bf4 Nbd5 16. Nxd5 Nxd5 17. Bxd5 exd5 18. Nb3 Bc6 19. Nd4 Bf6 20. Nxc6 bxc6 21. b3 Qe6 22. Qd3 Rfd8 23. Qxa6 Ra8 24. Qe2 d4 25. Qc2 dxe3 26. Bxe3 Rxd1 27. Rxd1 g6 28. g3 Rc8 29. a4 c5 30. Rc1 c4 31. bxc4 Qc6 32. a5 Be5 33. Qd3 Bb2 34. Rb1 Ba3 35. Rb3 Bc5 36. Bxc5 Qxc5 37. Rb5 Qxc4 38. Qxc4 Rxc4 39. Kg2 Ra4 40. Kf3 Kg7 41. Ke3 h5 42. Kd3 Kh6 43. Kc3 Kg7 44. Kb3 Ra1 45. Kb4 1-0

[Event "Knighthood Blitz"]
[Site "Vishy Anand Arena"]
[Date "2020.08.01"]
[Round "9"]
[White "HarshPandit"]
[Black "Chesslovers143"]
[Result "0-1"]
[WhiteElo "1658"]
[BlackElo "1201"]
[Annotator "NA"]
[PlyCount "48"]
[EventDate "2020.08.01"]
[EventType "swiss (blitz)"]

1. d4 d5 2. Nf3 Bf5 3. Bf4 e6 4. e3 Bd6 5. Bg5 f6 6. Bh4 Nc6 7. c4 Nb4 8. Qa4+ b5 9. Qxb5+ c6 10. Qa4 Nc2+ 11. Kd2 Nxa1 12. Qxc6+ Kf7 13. cxd5 Rc8 14. dxe6+ Bxe6 15. Qb7+ Ne7 16. Nc3 Rb8 17. Qxa7 Rxb2+ 18. Kc1 Rc2+ 19. Kb1 Qc8 20. Bd3 Qxc3 21. Bxc2 Qxc2+ 22. Kxa1 Qc3+ 23. Kb1 Bf5+ 24. e4 Bxe4# 0-1

[Event "Knighthood Blitz"]
[Site "Vishy Anand Arena"]
[Date "2020.08.01"]
[Round "9"]
[White "Rakeshkul"]
[Black "Sohammdh"]
[Result "1/2-1/2"]
[WhiteElo "1651"]
[BlackElo "1667"]
[Annotator "NA"]
[PlyCount "189"]
[EventDate "2020.08.01"]
[EventType "swiss (blitz)"]

1. e4 c5 2. f4 d6 3. Nf3 Nc6 4. Bc4 e6 5. O-O Nge7 6. c3 g6 7. d3 Bg7 8. Be3 O-O 9. Nbd2 d5 10. exd5 exd5 11. Bb3 b6 12. Bf2 Bb7 13. Bg3 Nf5 14. Bf2 d4 15. cxd4 Ncxd4 16. Nxd4 Nxd4 17. Nf3 Nxf3+ 18. gxf3 Qd7 19. Bg3 Rad8 20. Bc2 Qh3 21. Rb1 Bd4+ 22. Kh1 Qd7 23. Qe2 Rfe8 24. Qg2 Re3 25. Rbe1 Rde8 26. Rxe3 Rxe3 27. h4 Qe7 28. Bd1 Ba6 29. Bf2 Bxd3 30. Bxe3 Bxf1 31. Qxf1 Qxe3 32. Be2 Qxf4 33. Qh3 Qc1+ 34. Qf1 Qxf1+ 35. Bxf1 Bxb2 36. Kg2 Bf6 37. Kg3 Kf8 38. Kg4 Ke7 39. h5 Bg7 40. hxg6 hxg6 41. Kf4 Bh6+ 42. Ke4 Kd6 43. Bc4 f5+ 44. Kd3 Ke5 45. Bf7 g5 46. Ke2 Kf4 47. Be6 Bg7 48. Bd7 Bd4 49. Bc8 g4 50. fxg4 fxg4 51. Kf1 Kg3 52. Bd7 Kf3 53. Bc6+ Ke3 54. Bd7 Kd3 55. Bxg4 Kc2 56. Be6 Kb2 57. Ke2 b5 58. Kf3 c4 59. Ke2 Kxa2 60. Kd1 a5 61. Kc2 b4 62. Bxc4+ Ka3 63. Bb5 a4 64. Kb1 b3 65. Bc6 b2 66. Bb5 Kb3 67. Bxa4+ Kc3 68. Bb5 Kb4 69. Bc6 Ka3 70. Bd7 Kb4 71. Be8 Ka5 72. Bg6 Kb6 73. Bf5 Kc5 74. Bg6 Kb4 75. Bh7 Kc3 76. Bg6 Kd2 77. Bh7 Ke3 78. Bg6 Kf4 79. Bh7 Kg5 80. Bg8 Kh6 81. Bb3 Kg7 82. Bc2 Kf6 83. Bb3 Ke5 84. Bc2 Kf4 85. Bh7 Ke3 86. Bg8 Kf2 87. Bh7 Ke1 88. Bg8 Kd2 89. Bf7 Kc3 90. Bg8 Kb4 91. Bh7 Kc5 92. Bg6 Kd6 93. Bh7 Ke5 94. Bg6 Kf4 95. Bh7 1/2-1/2

[Event "Knighthood Blitz"]
[Site "Vishy Anand Arena"]
[Date "2020.08.01"]
[Round "9"]
[White "Surisai"]
[Black "adireddyarjun"]
[Result "0-1"]
[WhiteElo "1650"]
[BlackElo "1513"]
[Annotator "NA"]
[PlyCount "70"]
[EventDate "2020.08.01"]
[EventType "swiss (blitz)"]

1. e4 c5 2. Nf3 d6 3. d4 cxd4 4. Qxd4 Nf6 5. Nc3 a6 6. e5 Nc6 7. Qd3 dxe5 8. Qxd8+ Kxd8 9. Bc4 e6 10. O-O h6 11. Be3 Bd6 12. Rfd1 Ke7 13. Bd3 b5 14. Ne4 Nxe4 15. Bxe4 Bb7 16. c3 f5 17. Bc2 e4 18. Nd4 Nxd4 19. Bxd4 e5 20. Be3 Rhd8 21. g3 Bc7 22. Rxd8 Rxd8 23. Rd1 Rxd1+ 24. Bxd1 Bd5 25. b3 Ba5 26. Bc5+ Kf7 27. b4 Bc7 28. a4 f4 29. axb5 axb5 30. Be2 Bc6 31. Kf1 f3 32. Bd1 Bd5 33. Ke1 Ke6 34. Kd2 Bd8 35. Ke3 Bg5# 0-1

[Event "Knighthood Blitz"]
[Site "Vishy Anand Arena"]
[Date "2020.08.01"]
[Round "9"]
[White "Ishwar Lal Patel"]
[Black "Beastmaari"]
[Result "1-0"]
[WhiteElo "1646"]
[BlackElo "1719"]
[Annotator "NA"]
[PlyCount "81"]
[EventDate "2020.08.01"]
[EventType "swiss (blitz)"]

1. e4 c5 2. f4 b6 3. Nf3 Bb7 4. Nc3 g6 5. Be2 Bg7 6. O-O Nc6 7. d3 d6 8. Rb1 Nd4 9. Be3 Nxe2+ 10. Qxe2 Nf6 11. h3 Qd7 12. a3 O-O 13. Nd1 Rae8 14. c3 e5 15. fxe5 dxe5 16. Nf2 Nh5 17. Nh1 f5 18. Rfd1 Qc6 19. g4 fxg4 20. hxg4 Nf4 21. Bxf4 Rxf4 22. Nh2 Ref8 23. Rf1 c4 24. Rxf4 Rxf4 25. Nf2 h6 26. Rd1 Kh7 27. dxc4 Ba6 28. b3 Bc8 29. Rd3 Qf6 30. Rf3 Bf8 31. Rxf4 Qxf4 32. a4 Bc5 33. Qf3 Qc1+ 34. Kg2 Be6 35. b4 Bxf2 36. Qxf2 Qf4 37. Qf3 Bxc4 38. Qxf4 exf4 39. Nf3 g5 40. Ne5 Bb3 41. a5 1-0

[Event "Knighthood Blitz"]
[Site "Vishy Anand Arena"]
[Date "2020.08.01"]
[Round "9"]
[White "Vijayreddy29"]
[Black "Anandgary"]
[Result "1-0"]
[WhiteElo "1632"]
[BlackElo "1779"]
[Annotator "NA"]
[PlyCount "57"]
[EventDate "2020.08.01"]
[EventType "swiss (blitz)"]

1. d4 Nf6 2. c4 g6 3. Nc3 Bg7 4. Bf4 c5 5. e3 d6 6. Nf3 O-O 7. h3 Nc6 8. Be2 Bf5 9. O-O Ne4 10. Rc1 Nxc3 11. bxc3 Qa5 12. Qb3 Qc7 13. dxc5 e5 14. cxd6 Qxd6 15. Bg3 b6 16. Rcd1 Qe7 17. Rd2 Be6 18. Rfd1 Rac8 19. Qa4 Na5 20. Nxe5 Qc5 21. Nf3 Nxc4 22. Bxc4 Bxc4 23. Qxa7 Bxc3 24. Rd7 Be6 25. Rc7 Rxc7 26. Qxc7 Qa5 27. Nd4 Bxa2 28. Bd6 Re8 29. Qd7 1-0

[Event "Knighthood Blitz"]
[Site "Vishy Anand Arena"]
[Date "2020.08.01"]
[Round "9"]
[White "Bennyjoseph"]
[Black "Gonda"]
[Result "0-1"]
[WhiteElo "1629"]
[BlackElo "1522"]
[Annotator "NA"]
[PlyCount "56"]
[EventDate "2020.08.01"]
[EventType "swiss (blitz)"]

1. e4 c5 2. Nf3 d6 3. Bb5+ Nc6 4. O-O Bd7 5. Re1 a6 6. Bxc6 Bxc6 7. d4 cxd4 8. Nxd4 e5 9. Nf3 Nf6 10. Nc3 Be7 11. Be3 O-O 12. Qe2 Nxe4 13. Nxe4 Bxe4 14. Rad1 Bc6 15. Nxe5 Bf6 16. Nc4 d5 17. Nb6 Rb8 18. Bf4 Qxb6 19. Bxb8 Rxb8 20. Rxd5 h6 21. Rd6 Qxb2 22. Qd3 Qc3 23. Qe2 Qc5 24. Rd3 Bb5 25. c4 Qxc4 26. Red1 Re8 27. Qd2 Bg5 28. Qb2 Qxd3 0-1

[Event "Knighthood Blitz"]
[Site "Vishy Anand Arena"]
[Date "2020.08.01"]
[Round "9"]
[White "duvvaabbulu"]
[Black "Mohit chandwani"]
[Result "1-0"]
[WhiteElo "1588"]
[BlackElo "1582"]
[Annotator "NA"]
[PlyCount "77"]
[EventDate "2020.08.01"]
[EventType "swiss (blitz)"]

1. e4 e5 2. Nf3 Nc6 3. d4 exd4 4. Bc4 h6 5. O-O Bc5 6. c3 dxc3 7. Bxf7+ Kxf7 8. Qd5+ Ke8 9. Qh5+ Kf8 10. Qxc5+ d6 11. Qxc3 Nf6 12. e5 Nxe5 13. Nxe5 dxe5 14. Qxe5 Bd7 15. Bf4 Kf7 16. Nc3 Re8 17. Qxc7 Qxc7 18. Bxc7 Bc6 19. Rfe1 Rec8 20. Be5 Rg8 21. h3 a6 22. Rad1 b5 23. Rd6 Bb7 24. Bxf6 gxf6 25. Rd7+ Kf8 26. Rxb7 Rg7 27. Rxg7 Kxg7 28. Ne2 Re8 29. Kf1 a5 30. Nf4 Rc8 31. g4 Rc2 32. Re2 Rc1+ 33. Kg2 Ra1 34. a3 Rb1 35. Nd5 b4 36. axb4 axb4 37. Nxb4 Kg6 38. Nd3 f5 39. gxf5+ 1-0

[Event "Knighthood Blitz"]
[Site "Vishy Anand Arena"]
[Date "2020.08.01"]
[Round "9"]
[White "Beradia"]
[Black "Ggupta211"]
[Result "0-1"]
[WhiteElo "1581"]
[BlackElo "1350"]
[Annotator "NA"]
[PlyCount "44"]
[EventDate "2020.08.01"]
[EventType "swiss (blitz)"]

1. e4 c5 2. Nf3 d6 3. d4 c4 4. Bxc4 e6 5. d5 e5 6. O-O Nf6 7. Bg5 Be7 8. Nc3 O-O 9. Qd2 Bg4 10. Be2 h6 11. Bxf6 Bxf6 12. h3 Bh5 13. g4 Bg6 14. Nh2 Nd7 15. f4 exf4 16. Qxf4 Be5 17. Qf3 Qb6+ 18. Kh1 Qxb2 19. Rab1 Qxc3 20. Bd3 Nc5 21. h4 Qd2 22. h5 Qxh2# 0-1

[Event "Knighthood Blitz"]
[Site "Vishy Anand Arena"]
[Date "2020.08.01"]
[Round "9"]
[White "Ym27"]
[Black "samjrao"]
[Result "0-1"]
[WhiteElo "1560"]
[BlackElo "1680"]
[Annotator "NA"]
[PlyCount "64"]
[EventDate "2020.08.01"]
[EventType "swiss (blitz)"]

1. e4 d5 2. exd5 c6 3. dxc6 Nxc6 4. Nf3 e5 5. d3 Bc5 6. Nc3 Nf6 7. Be2 O-O 8. O-O Be6 9. Bg5 Nd4 10. Nxe5 Re8 11. Nf3 Nxe2+ 12. Qxe2 Bg4 13. Qd1 h6 14. Bh4 Qb6 15. h3 Bh5 16. Bxf6 Qxf6 17. Ne4 Qb6 18. Nxc5 Qxc5 19. d4 Qb6 20. b3 Rad8 21. g4 Bg6 22. Ne5 Rxe5 23. Qf3 Rxd4 24. Qg3 Rg5 25. Qb8+ Kh7 26. f4 Rd8+ 27. Kg2 Be4+ 28. Kg3 Qe3+ 29. Kh2 Rd2+ 30. Rf2 Rxf2+ 31. Kg1 Rg2+ 32. Kh1 Qxh3# 0-1

[Event "Knighthood Blitz"]
[Site "Vishy Anand Arena"]
[Date "2020.08.01"]
[Round "9"]
[White "gingeekannan"]
[Black "Sanjo_hunter"]
[Result "0-1"]
[WhiteElo "1517"]
[BlackElo "1535"]
[Annotator "NA"]
[PlyCount "108"]
[EventDate "2020.08.01"]
[EventType "swiss (blitz)"]

1. e4 e5 2. Nf3 Nc6 3. d4 exd4 4. Bc4 h6 5. O-O Bc5 6. c3 d6 7. cxd4 Bb6 8. Qb3 Qe7 9. e5 Bg4 10. exd6 cxd6 11. Re1 Be6 12. Bxe6 Kf8 13. Bd5 Qf6 14. Bxc6 bxc6 15. Nc3 Ne7 16. Ne4 Qg6 17. Ng3 Nd5 18. Be3 Kg8 19. Rac1 Rc8 20. Qc2 Qf6 21. Ne4 Qe7 22. Nc3 Nb4 23. Qd2 Qd7 24. a3 Nd5 25. Nxd5 cxd5 26. Rxc8+ Qxc8 27. Rc1 Qd7 28. Bxh6 Rxh6 29. Qc2 Rg6 30. Qc8+ Qxc8 31. Rxc8+ Kh7 32. h4 Re6 33. Ng5+ Kg6 34. Nxe6 fxe6 35. g4 Bxd4 36. Rb8 Bc5 37. b4 Bb6 38. a4 Bd4 39. a5 Kf6 40. b5 Ke7 41. b6 axb6 42. a6 b5 43. Rxb5 Kd7 44. Rb7+ Kc6 45. g5 g6 46. h5 Be5 47. h6 Bd4 48. h7 Bh8 49. Rb8 Bg7 50. a7 Bd4 51. a8=Q+ Kc5 52. Qa5+ Kc4 53. Rb4+ Kd3 54. Qa3+ Ke4 0-1

[Event "Knighthood Blitz"]
[Site "Vishy Anand Arena"]
[Date "2020.08.01"]
[Round "9"]
[White "divyang2003"]
[Black "Mandy64theking"]
[Result "0-1"]
[WhiteElo "1511"]
[BlackElo "1681"]
[Annotator "NA"]
[PlyCount "80"]
[EventDate "2020.08.01"]
[EventType "swiss (blitz)"]

1. e4 c5 2. Nf3 Nc6 3. b3 d6 4. Bb2 e6 5. c3 Nf6 6. d3 Be7 7. Nbd2 O-O 8. Be2 d5 9. exd5 Nxd5 10. Qc2 Nf4 11. Qd1 Nxd3+ 12. Bxd3 Qxd3 13. Rc1 e5 14. Qc2 Qd8 15. O-O f5 16. c4 Nd4 17. Bxd4 exd4 18. Qd3 Bd6 19. h3 b6 20. b4 Bb7 21. b5 a6 22. a4 axb5 23. axb5 Qf6 24. Ra1 Rae8 25. Rae1 Qg6 26. Kh1 Be4 27. Nxe4 fxe4 28. Qd2 exf3 29. Rxe8 Rxe8 30. g4 Qe4 31. Qg5 h6 32. Qh4 Qf4 33. Qg3 Qxg3 34. fxg3 Re3 35. Kg1 Bxg3 36. Ra1 f2+ 37. Kf1 Re1+ 38. Rxe1 fxe1=Q+ 39. Kg2 Qf2+ 40. Kh1 Qh2# 0-1

[Event "Knighthood Blitz"]
[Site "Vishy Anand Arena"]
[Date "2020.08.01"]
[Round "9"]
[White "vaibhavgautam"]
[Black "prasanthkp1"]
[Result "1-0"]
[WhiteElo "1510"]
[BlackElo "1205"]
[Annotator "NA"]
[PlyCount "71"]
[EventDate "2020.08.01"]
[EventType "swiss (blitz)"]

1. d4 e6 2. Bf4 c5 3. c4 cxd4 4. Qxd4 Nc6 5. Qd1 Bb4+ 6. Nc3 Qa5 7. Bd2 Bxc3 8. Bxc3 Qb6 9. Bxg7 f6 10. Bxh8 Qxb2 11. Rb1 Qxa2 12. Nf3 Qxc4 13. e3 Qc3+ 14. Qd2 Qc5 15. Be2 Kf7 16. O-O Nh6 17. Rbc1 Qb6 18. Qd1 Qd8 19. Bxf6 Qxf6 20. Qc2 Kg8 21. Bd3 Nf5 22. Bxf5 exf5 23. Qc4+ Kh8 24. Qc3 Qxc3 25. Rxc3 b5 26. Rd1 a5 27. Nd4 Na7 28. Rdc1 Ba6 29. Rc7 a4 30. Nxf5 b4 31. Rxd7 Nc6 32. Rxc6 b3 33. Rcc7 b2 34. Rxh7+ Kg8 35. Nh6+ Kf8 36. Rh8# 1-0

[Event "Knighthood Blitz"]
[Site "Vishy Anand Arena"]
[Date "2020.08.01"]
[Round "9"]
[White "Enthusiast"]
[Black "saisujan2005"]
[Result "0-1"]
[WhiteElo "1508"]
[BlackElo "1735"]
[Annotator "NA"]
[PlyCount "72"]
[EventDate "2020.08.01"]
[EventType "swiss (blitz)"]

1. e4 c5 2. Nf3 Nc6 3. d4 cxd4 4. Nxd4 Nf6 5. Nc3 e5 6. Nb3 Bb4 7. Bd3 d5 8. exd5 Nxd5 9. Bd2 Nxc3 10. bxc3 Be7 11. O-O O-O 12. Qh5 g6 13. Qf3 Bf6 14. Rad1 Bg7 15. Be3 Qc7 16. Bc5 Re8 17. Bc4 Be6 18. Bxe6 Rxe6 19. Be3 e4 20. Qe2 Be5 21. g3 Bxc3 22. Qc4 Bg7 23. Rd2 Rd8 24. Rfd1 Rxd2 25. Rxd2 a6 26. Nc5 Re8 27. Rd7 Ne5 28. Rxc7 Nxc4 29. Nxb7 Nxe3 30. fxe3 Bh6 31. Kf2 Re6 32. Nd8 Rf6+ 33. Ke2 Rf3 34. Rc8 Rxe3+ 35. Kf2 Kg7 36. Rc7 Rf3+ 0-1

[Event "Knighthood Blitz"]
[Site "Vishy Anand Arena"]
[Date "2020.08.01"]
[Round "9"]
[White "Leorider5143"]
[Black "Shubham37908"]
[Result "0-1"]
[WhiteElo "1504"]
[BlackElo "1452"]
[Annotator "NA"]
[PlyCount "126"]
[EventDate "2020.08.01"]
[EventType "swiss (blitz)"]

1. Nf3 d5 2. g3 Nf6 3. Bg2 Bf5 4. d3 Nc6 5. O-O e5 6. e4 dxe4 7. dxe4 Qxd1 8. Rxd1 Bxe4 9. Nc3 Bxf3 10. Bxf3 Bd6 11. Bg5 O-O-O 12. Nb5 h6 13. Bxf6 gxf6 14. Nxd6+ Rxd6 15. Rxd6 cxd6 16. Bg4+ Kc7 17. Bh5 Rf8 18. c3 d5 19. Rd1 Ne7 20. Bf3 e4 21. Bg2 f5 22. f3 Kd6 23. fxe4 fxe4 24. c4 Ke5 25. cxd5 Nxd5 26. Kf2 Rc8 27. Kf1 Ne3+ 28. Ke1 Nxd1 29. Kxd1 Rd8+ 30. Ke2 b5 31. Ke3 Rd3+ 32. Ke2 a5 33. Bf1 Rd8 34. Ke3 b4 35. Bc4 f6 36. Bb5 Rc8 37. Bd7 Rc2 38. Ba4 Rxb2 39. Bb3 Rxh2 40. g4 Rh4 41. Kf2 Rxg4 42. Bd1 Rg7 43. Ke3 f5 44. Bc2 f4+ 45. Ke2 Rg2+ 46. Kd1 Rxc2 47. Kxc2 f3 48. Kd1 e3 49. Ke1 Kf4 50. Kf1 h5 51. Ke1 h4 52. Kf1 h3 53. Kg1 f2+ 54. Kf1 h2 55. Kg2 e2 56. Kxf2 h1=Q 57. Kxe2 Qe4+ 58. Kd2 Qe3+ 59. Kc2 Ke4 60. Kb2 Qd2+ 61. Kb1 Kd3 62. Ka1 Kc3 63. Kb1 Qb2# 0-1

[Event "Knighthood Blitz"]
[Site "Vishy Anand Arena"]
[Date "2020.08.01"]
[Round "9"]
[White "PrabhuBadkas"]
[Black "Shikhar karn"]
[Result "1-0"]
[WhiteElo "1479"]
[BlackElo "1530"]
[Annotator "NA"]
[PlyCount "91"]
[EventDate "2020.08.01"]
[EventType "swiss (blitz)"]

1. e4 e5 2. Nf3 Nf6 3. Nxe5 Nc6 4. d4 Nxe4 5. Be3 d6 6. Nxc6 bxc6 7. Bd3 Nf6 8. Nc3 d5 9. O-O Bd6 10. h3 O-O 11. Re1 h6 12. Qd2 Be6 13. f4 Bd7 14. f5 Re8 15. Qf2 Rc8 16. Bf4 Bxf4 17. Qxf4 a5 18. a4 Rb8 19. b3 Rc8 20. Ne2 c5 21. Ng3 cxd4 22. Qxd4 Bc6 23. Bb5 Qd6 24. Bxc6 Qxc6 25. Ne2 Qxc2 26. Nf4 Rxe1+ 27. Rxe1 Qxf5 28. Re5 Qb1+ 29. Kh2 Qxb3 30. Nxd5 Nxd5 31. Rxd5 Re8 32. Rxa5 Qe6 33. Qf4 Qb6 34. Rf5 f6 35. a5 Qd6 36. Qxd6 cxd6 37. Rd5 Ra8 38. Kg3 Ra6 39. Kf4 Kf7 40. Kf5 g6+ 41. Kf4 Ke6 42. Ke4 f5+ 43. Kd4 g5 44. g3 h5 45. Rb5 g4 46. h4 1-0

[Event "Knighthood Blitz"]
[Site "Vishy Anand Arena"]
[Date "2020.08.01"]
[Round "9"]
[White "HRICK2008"]
[Black "SubashRaj"]
[Result "1-0"]
[WhiteElo "1473"]
[BlackElo "1572"]
[Annotator "NA"]
[PlyCount "111"]
[EventDate "2020.08.01"]
[EventType "swiss (blitz)"]

1. d4 Nf6 2. Bg5 d6 3. c4 Nbd7 4. Nc3 g6 5. e4 e5 6. Nf3 Bg7 7. Be2 O-O 8. dxe5 dxe5 9. Bxf6 Bxf6 10. Nd5 c6 11. Nxf6+ Qxf6 12. O-O Nc5 13. Qc2 Bg4 14. h3 Bxf3 15. Bxf3 Ne6 16. Qc3 Nd4 17. Rad1 Rad8 18. b3 Qg5 19. Rfe1 Rfe8 20. Qe3 Qxe3 21. fxe3 Nc2 22. Rxd8 Rxd8 23. Re2 Nb4 24. a3 Nd3 25. Rd2 Kf8 26. Be2 Ke7 27. Rxd3 Rb8 28. b4 Rc8 29. c5 b6 30. cxb6 axb6 31. Rc3 c5 32. bxc5 bxc5 33. a4 Ra8 34. Bb5 Kd6 35. Kf2 Rf8 36. Ke2 f5 37. exf5 Rxf5 38. g4 Rf7 39. Ra3 e4 40. a5 Ra7 41. a6 Kc7 42. Bc4 g5 43. Bd5 Kb6 44. Bxe4 Rxa6 45. Rxa6+ Kxa6 46. Kd3 Kb6 47. Kc4 h6 48. Bd5 Kc7 49. Kxc5 Kd7 50. e4 Ke7 51. e5 Kd7 52. Kd4 Ke7 53. Ke4 Kd7 54. Kf5 Ke7 55. Kg6 Kf8 56. Kxh6 1-0

[Event "Knighthood Blitz"]
[Site "Vishy Anand Arena"]
[Date "2020.08.01"]
[Round "9"]
[White "Angappan"]
[Black "Cool_chess"]
[Result "1-0"]
[WhiteElo "1471"]
[BlackElo "1422"]
[Annotator "NA"]
[PlyCount "49"]
[EventDate "2020.08.01"]
[EventType "swiss (blitz)"]

1. e4 e5 2. Nf3 Nc6 3. Bc4 Bc5 4. O-O Nf6 5. c3 Nxe4 6. Bd5 Nf6 7. Bxc6 dxc6 8. Nxe5 O-O 9. d4 Bd6 10. Bg5 h6 11. Bh4 c5 12. Nd2 cxd4 13. cxd4 g5 14. Bg3 Be6 15. Ndf3 c5 16. Re1 cxd4 17. Ng6 fxg6 18. Rxe6 Bxg3 19. hxg3 d3 20. Qb3 Qd5 21. Qxd5 Nxd5 22. Rxg6+ Kh7 23. Rd6 Rad8 24. Rxd8 Rg8 25. Rxd5 1-0

[Event "Knighthood Blitz"]
[Site "Vishy Anand Arena"]
[Date "2020.08.01"]
[Round "9"]
[White "Adireddytarun"]
[Black "Chess1311"]
[Result "1-0"]
[WhiteElo "1469"]
[BlackElo "1671"]
[Annotator "NA"]
[PlyCount "73"]
[EventDate "2020.08.01"]
[EventType "swiss (blitz)"]

1. d4 d5 2. c4 c6 3. Nf3 Nf6 4. Nc3 e6 5. Bg5 Nbd7 6. e3 Be7 7. cxd5 exd5 8. Bd3 O-O 9. Qc2 h6 10. Bf4 Nh5 11. Bg3 Nxg3 12. hxg3 Nf6 13. Ne5 Be6 14. Bf5 Bxf5 15. Qxf5 Qc8 16. Qd3 b6 17. Rc1 Rd8 18. O-O Ng4 19. Nf3 Qe6 20. a3 c5 21. dxc5 bxc5 22. Rcd1 Nf6 23. Nb5 Rab8 24. Rd2 Ne4 25. Rc2 c4 26. Qe2 Rxb5 27. Nd4 Qb6 28. Nxb5 Qxb5 29. Rd1 Nc5 30. f3 Nd3 31. b4 a5 32. bxa5 Qxa5 33. Ra2 Bxa3 34. Rda1 Qc5 35. Rxa3 Nc1 36. Qc2 Nd3 37. Rxd3 1-0

[Event "Knighthood Blitz"]
[Site "Vishy Anand Arena"]
[Date "2020.08.01"]
[Round "9"]
[White "Subhranp"]
[Black "Indrajeet4ever"]
[Result "0-1"]
[WhiteElo "1444"]
[BlackElo "1520"]
[Annotator "NA"]
[PlyCount "64"]
[EventDate "2020.08.01"]
[EventType "swiss (blitz)"]

1. e4 e5 2. Nf3 Nc6 3. Bc4 Bc5 4. O-O Nf6 5. c3 O-O 6. d3 d6 7. Be3 Bb6 8. Bb3 Be6 9. Nbd2 Bg4 10. h3 Be6 11. Bc2 Nh5 12. Nxe5 Nxe5 13. Qxh5 f5 14. Bxb6 axb6 15. d4 Nd7 16. exf5 Bf7 17. Qg5 Qxg5 18. Nc4 Bxc4 19. Rfe1 Nf6 20. Re3 Nh5 21. Rae1 Rxa2 22. Be4 Rxb2 23. Bxb7 Nf4 24. Rg3 Ne2+ 25. Rxe2 Qc1+ 26. Kh2 Rxe2 27. Bf3 Rxf2 28. d5 Rxf5 29. Bg4 Rg5 30. Be6+ Kf8 31. Rxg5 Qf4+ 32. Rg3 Bf1 0-1

[Event "Knighthood Blitz"]
[Site "Vishy Anand Arena"]
[Date "2020.08.01"]
[Round "9"]
[White "IamNihar"]
[Black "davidcheetah"]
[Result "0-1"]
[WhiteElo "1441"]
[BlackElo "1665"]
[Annotator "NA"]
[PlyCount "104"]
[EventDate "2020.08.01"]
[EventType "swiss (blitz)"]

1. e4 d6 2. d4 Nf6 3. Nc3 c6 4. Nf3 Qc7 5. Bc4 Bg4 6. h3 Bxf3 7. Qxf3 Nbd7 8. O-O e6 9. Bd2 Be7 10. Rad1 O-O 11. e5 dxe5 12. Be3 exd4 13. Bxd4 b5 14. Bd3 b4 15. Ne4 Nxe4 16. Qxe4 g6 17. Qe3 Bf6 18. h4 Bxh4 19. Qf3 e5 20. Be3 Bf6 21. g3 Bg7 22. Kg2 Nf6 23. Rh1 Rae8 24. Qe2 Nd5 25. Bc5 Ne7 26. Qg4 h5 27. Rxh5 gxh5 28. Qxh5 Ng6 29. Bxf8 Rxf8 30. Bxg6 fxg6 31. Qxg6 Qf7 32. Qxf7+ Rxf7 33. Rd8+ Kh7 34. Rd6 Rc7 35. Kf3 e4+ 36. Kxe4 Bxb2 37. f3 Bc3 38. f4 Kg7 39. g4 Kf7 40. g5 Re7+ 41. Kf5 Rc7 42. Kg4 Kg7 43. f5 c5 44. Rg6+ Kf7 45. Kh5 Bd4 46. f6 Rd7 47. Rg7+ Ke6 48. Rxd7 Kxd7 49. Kg6 Ke8 50. Kh7 Kf7 51. Kh6 c4 52. Kh5 a5 0-1

[Event "Knighthood Blitz"]
[Site "Vishy Anand Arena"]
[Date "2020.08.01"]
[Round "9"]
[White "Syamantak"]
[Black "Renier Gonsalves"]
[Result "1-0"]
[WhiteElo "1398"]
[BlackElo "1327"]
[Annotator "NA"]
[PlyCount "113"]
[EventDate "2020.08.01"]
[EventType "swiss (blitz)"]

1. d4 d5 2. c4 e6 3. Nf3 Nf6 4. Nc3 Bb4 5. e3 c5 6. a3 Bxc3+ 7. bxc3 cxd4 8. cxd4 Nc6 9. Bd3 dxc4 10. Bxc4 b5 11. Bxb5 Qa5+ 12. Bd2 Qxb5 13. Rb1 Qd5 14. O-O O-O 15. Qa4 Qd7 16. Rfc1 Ne7 17. Qa5 Ned5 18. Ne5 Qd8 19. Qc5 Nd7 20. Nxd7 Bxd7 21. e4 Nf6 22. Qg5 Nxe4 23. Qxd8 Raxd8 24. Bb4 Rfe8 25. Rc7 Nf6 26. Rxa7 Bb5 27. Ba5 Rxd4 28. g3 Bc6 29. Rc7 Bf3 30. Rbc1 Red8 31. Rc8 Kf8 32. Rxd8+ Rxd8 33. Bxd8 Ke8 34. Bxf6 gxf6 35. Rb1 Bd5 36. a4 Kd7 37. a5 Kc7 38. a6 e5 39. Kf1 Bc4+ 40. Ke1 Bxa6 41. Kd2 Bb7 42. Ke3 Bc6 43. Rc1 Kd6 44. Rxc6+ Kxc6 45. Ke4 Kd6 46. Kf5 Ke7 47. h4 h6 48. h5 Kd6 49. Kxf6 Kd5 50. Kxf7 Ke4 51. Kg6 Kf3 52. Kxh6 Kxf2 53. Kg7 e4 54. h6 e3 55. h7 e2 56. h8=Q e1=Q 57. Qh2+ 1-0

[Event "Knighthood Blitz"]
[Site "Vishy Anand Arena"]
[Date "2020.08.01"]
[Round "9"]
[White "Cheetah2020"]
[Black "Lazylemon123"]
[Result "0-1"]
[WhiteElo "1395"]
[BlackElo "1548"]
[Annotator "NA"]
[PlyCount "82"]
[EventDate "2020.08.01"]
[EventType "swiss (blitz)"]

1. e4 e5 2. Nf3 Nc6 3. d4 Nxd4 4. Nxd4 exd4 5. Qxd4 d6 6. Nc3 Qf6 7. Qxf6 Nxf6 8. Bg5 Be7 9. Bxf6 Bxf6 10. f3 Be6 11. Bd3 O-O 12. O-O Rad8 13. Nd5 Bxd5 14. exd5 Bxb2 15. Rab1 Bd4+ 16. Kh1 b6 17. a4 Rfe8 18. Bb5 Re7 19. Rfe1 Rxe1+ 20. Rxe1 h6 21. g4 Kh8 22. h4 Rf8 23. Re7 f5 24. gxf5 Rxf5 25. Rxc7 Rxf3 26. Rxa7 Rf4 27. h5 Rh4+ 28. Kg2 Rxh5 29. Rd7 Rg5+ 30. Kf3 Bc5 31. Rd8+ Kh7 32. Bd7 Rxd5 33. Rf8 Rg5 34. Bf5+ g6 35. Rf7+ Kg8 36. Be6 Kh8 37. Rf8+ Kg7 38. Rf7+ Kh8 39. Rf8+ Kg7 40. Rf7+ Kg8 41. Rf8+ Kxf8 0-1